Mostly harmless econometrics: en empiricist's companion
Salvato in:
| Autori principali: | , |
|---|---|
| Natura: | Libro |
| Lingua: | inglese |
| Pubblicazione: |
Princeton
Princeton University Press
2009
|
| Edizione: | 1a. ed |
| Soggetti: | |
| Tags: |
Aggiungi Tag
Nessun Tag, puoi essere il primo ad aggiungerne!!
|
MARC
| LEADER | 00000cam a2200000 a 4500 | ||
|---|---|---|---|
| 001 | UCE5184 | ||
| 003 | CL-VaPUC | ||
| 008 | 141211e20090000us |||||||||||||||||eng|d | ||
| 020 | |a 9780691120355 | ||
| 082 | 0 | 4 | |a 330.015195 |b ANG |2 21 |
| 100 | 0 | |a Angrist, Joshua D |e author |9 577668 | |
| 700 | 0 | |a Pischke, Jorn-Steffen |e author |9 577669 | |
| 245 | 1 | 0 | |a Mostly harmless econometrics: en empiricist's companion |
| 250 | |a 1a. ed | ||
| 300 | |a 373 p | ||
| 942 | |c BK | ||
| 945 | |d 20141211 14:14:00 |a dcastane | ||
| 260 | |a Princeton |b Princeton University Press |c 2009 | ||
| 650 | 0 | |a Econometría |9 261029 | |
| 650 | 0 | |a Estadística matemática |9 260028 | |
| 650 | 0 | |a Regresión lineal |9 362689 | |
| 583 | |a last modification |c 20141211 14:14:00 |k Rodrigo Vera | ||
| 999 | |c 357946 |d 357944 | ||
| 952 | |0 0 |1 0 |3 erb |4 0 |6 330_015195000000000_ANG_2009 |7 0 |8 A |9 466133 |a BIBGIM |b BIBGIM |i 5129699 |o 330.015195 ANG 2009 |p 5129699 |r 2025-01-15 |w 2019-11-23 |y BK |z Catalogado en:20141211 |k EST | ||